| 000 | 00478nam a22001577a 4500 | ||
|---|---|---|---|
| 005 | 20251108164046.0 | ||
| 008 | 250721s1992 xx 000 0 ara d | ||
| 082 | 1 | 4 | _a323.2/حاف |
| 100 | 1 | _aحافظ، صلاح الدين | |
| 245 | 1 | 0 |
_aالديمقراطية و الثورة : _bمأزق العالم الثالث / |
| 264 | 1 |
_aالقاهرة : _bمؤسسة دار الشعب، _c1992. |
|
| 300 | _a334ص | ||
| 650 | 1 | 7 | _aالثورات |
| 942 |
_2ddc _cBK |
||
| 999 |
_c2562 _d2562 |
||